El hombre que se esfumó / (Registro nro. 568)
[ vista simple ]
| 000 -LEADER | |
|---|---|
| fixed length control field | 00597nam a22002177a 4500 |
| 003 - CONTROL NUMBER IDENTIFIER | |
| control field | OSt |
| 005 - DATE AND TIME OF LATEST TRANSACTION | |
| control field | 20250828111241.0 |
| 008 - FIXED-LENGTH DATA ELEMENTS--GENERAL INFORMATION | |
| fixed length control field | 250828t2007 sp |||||r|||| 00| f spa d |
| 020 ## - INTERNATIONAL STANDARD BOOK NUMBER | |
| International Standard Book Number | 978-84-89662-49-0 |
| 040 ## - CATALOGING SOURCE | |
| Transcribing agency | Besoc |
| 080 ## - UNIVERSAL DECIMAL CLASSIFICATION NUMBER | |
| Authority record control number or standard number | 82-312.4(485) |
| 100 1# - MAIN ENTRY--PERSONAL NAME | |
| Personal name | Sjöwall, Maj, |
| Dates associated with a name | 1935-2020 |
| Relator term | autor |
| 245 13 - TITLE STATEMENT | |
| Title | El hombre que se esfumó / |
| Statement of responsibility, etc. | Maj Sjöwall y Per Wahlöö. |
| 250 ## - EDITION STATEMENT | |
| Edition statement | 2a ed. |
| 260 ## - PUBLICATION, DISTRIBUTION, ETC. | |
| Place of publication, distribution, etc. | Barcelona : |
| Name of publisher, distributor, etc. | RBA, |
| Date of publication, distribution, etc. | 2007. |
| 300 ## - PHYSICAL DESCRIPTION | |
| Extent | 233 p. ; |
| Dimensions | 21 cm. |
| 490 0# - SERIES STATEMENT | |
| Series statement | Serie Negra |
| Volume/sequential designation | 17 |
| 650 4# - SUBJECT ADDED ENTRY--TOPICAL TERM | |
| Topical term or geographic name entry element | Literatura sueca |
| Form subdivision | Novela |
| Chronological subdivision | Siglo XX |
| 655 4# - INDEX TERM--GENRE/FORM | |
| Genre/form data or focus term | Novela policial |
| 942 ## - ADDED ENTRY ELEMENTS (KOHA) | |
| Source of classification or shelving scheme | Universal Decimal Classification |
| Koha item type | Libro de préstamo a domicilio |
| Suppress in OPAC | No |
| Withdrawn status | Lost status | Source of classification or shelving scheme | Damaged status | Not for loan | Collection | Home library | Current library | Date acquired | Source of acquisition | Total checkouts | Full call number | Barcode | Date last seen | Price effective from | Koha item type |
|---|---|---|---|---|---|---|---|---|---|---|---|---|---|---|---|
| Universal Decimal Classification | Colección Nélida Perona | Biblioteca Escuela de Ciencias Sociales | Biblioteca Escuela de Ciencias Sociales | 28/08/2025 | Donación 2025 | 82-312.4(485) SJ625 | 001367 | 28/08/2025 | 28/08/2025 | Libro de préstamo a domicilio |